[Event "Malaysian Open"]
[Site "Kuala Lumpur MAS"]
[Date "2011.08.25"]
[Round "9.37"]
[White "Nguyen, Thi Mai Hung"]
[Black "William, Lee Kah Howe"]
[Result "1-0"]
[WhiteTitle "WIM"]
[WhiteElo "2276"]
[BlackElo "1800"]
[WhiteFideId "12401676"]
[BlackFideId "5702240"]
[EventDate "2011.08.18"]

1. d4 d5 2. Nf3 Nf6 3. c4 e6 4. e3 Be7 5. Nbd2 O-O 6. Bd3 Nbd7 7. O-O c6 8. b3
b6 9. Bb2 Bb7 10. Qe2 c5 11. Rfd1 Bd6 12. Ne5 Qe7 13. Nxd7 Nxd7 14. e4 cxd4 15.
exd5 exd5 16. Qxe7 Bxe7 17. Bf5 Nc5 18. Bxd4 Rad8 19. Be5 Bd6 20. Bxd6 Rxd6 21.
b4 Rf6 22. Bc2 Na6 23. a3 g6 24. cxd5 Bxd5 25. Ne4 Bxe4 26. Bxe4 Re6 27. f3 Rfe8
28. Rac1 R6e7 29. Kf2 Nc7 30. Bc6 Re2+ 31. Kg3 R8e7 32. Bd7 Ne6 33. Rc8+ Kg7 34.
Rd6 Nf8 35. Bb5 R2e3 36. a4 g5 37. h4 gxh4+ 38. Kxh4 R3e6 39. Rdd8 Ng6+ 40. Kg3
f5 41. Ra8 Ne5 42. Kf4 Kf6 43. Rf8+ Nf7 44. Bc4 Rd6 45. Bxf7 Rd4+ 46. Kg3 Rxf7
47. Rxf7+ Kxf7 48. Rxa7+ Kg6 49. b5 f4+ 50. Kh3 Rd1 51. Kg4 Rd4 52. Ra6 h5+ 53.
Kh3 Kg5 54. Rxb6 Rxa4 55. Rc6 Ra5 56. Rc5+ Kg6 57. Kh4 Ra2 58. Rg5+ Kf6 59. Kxh5
Rb2 60. b6 Rb4 61. Kg4 Ke6 62. Rg6+ Kf7 63. Rc6 Ke7 64. b7 Rxb7 65. Kxf4 Rb5 66.
Kg4 Kf7 67. f4 Kg7 68. f5 Kf7 69. Kg5 Kg7 70. Rc7+ Kf8 71. g4 Rb6 72. f6 Kg8 73.
Kg6 Rb8 74. Rg7+ Kh8 75. Rh7+ 1-0

[Event "Malaysian Open"]
[Site "Kuala Lumpur MAS"]
[Date "2011.08.25"]
[Round "9.38"]
[White "Lim, Zhuo Ren"]
[Black "Narayanan, Renitha"]
[Result "0-1"]
[WhiteElo "2155"]
[BlackElo "1717"]
[WhiteFideId "5702488"]
[BlackFideId "5702909"]
[EventDate "2011.08.18"]

1. e4 c5 2. Nf3 d6 3. d4 cxd4 4. Nxd4 Nf6 5. Nc3 a6 6. Bg5 e6 7. f4 Be7 8. Qf3
Qc7 9. O-O-O Nbd7 10. Bd3 O-O 11. Qh3 Nc5 12. Rhe1 b5 13. e5 Nxd3+ 14. Rxd3 dxe5
15. fxe5 Nd5 16. Bxe7 Qxe7 17. Nxd5 exd5 18. Qh5 Be6 19. Rg3 Rac8 20. Qh6 g6 21.
h4 Rc4 22. Nf3 Bf5 23. c3 b4 24. Nd4 Be6 25. Qg5 Qxg5+ 26. hxg5 Rfc8 27. Kd2 a5
28. Nb5 bxc3+ 29. bxc3 Ra4 30. Ra1 Rb8 31. c4 dxc4 32. Nc3 Rab4 33. Ne4 Rb2+ 34.
Kc3 Re2 35. Kd4 Rbb2 36. Ra3 Rb5 37. Nf6+ Kf8 38. Rh1 Ke7 39. Rh4 Rexe5 40. Re4
Rxg5 41. Rf3 Rgf5 42. Ng4 Rxf3 43. gxf3 f5 44. Re5 Rxe5 45. Nxe5 Kd6 46. f4 Bd5 0-1

[Event "Malaysian Open"]
[Site "Kuala Lumpur MAS"]
[Date "2011.08.25"]
[Round "9.39"]
[White "Camilia, Bt. Johari"]
[Black "Gibbons, Robert"]
[Result "0-1"]
[WhiteElo "1753"]
[BlackElo "2034"]
[WhiteFideId "5704677"]
[BlackFideId "4300700"]
[EventDate "2011.08.18"]

1. d4 Nf6 2. Nf3 g6 3. c4 Bg7 4. Nc3 O-O 5. Bg5 d5 6. Bxf6 Bxf6 7. Nxd5 Bg7 8.
e3 c5 9. Nc3 cxd4 10. exd4 Qb6 11. Qd2 Bg4 12. Ne5 Bf5 13. Nd5 Qd6 14. Qe3 Re8
15. Rd1 Nc6 16. Nxc6 bxc6 17. Nc3 Rad8 18. d5 Qb4 19. Rd2 cxd5 20. Nxd5 Qb7 21.
Qb3 Rb8 22. Re2 e6 23. Qe3 exd5 0-1

[Event "Malaysian Open"]
[Site "Kuala Lumpur MAS"]
[Date "2011.08.25"]
[Round "9.40"]
[White "Karunanayake, Mayuri"]
[Black "Qiu, Mengjie"]
[Result "0-1"]
[WhiteElo "1667"]
[BlackElo "1941"]
[WhiteFideId "9900390"]
[BlackFideId "8606137"]
[EventDate "2011.08.18"]

1. e4 e5 2. Nf3 Nc6 3. Nc3 Nf6 4. d4 exd4 5. Nxd4 Bb4 6. Nxc6 bxc6 7. Bd3 O-O 8.
O-O d5 9. exd5 cxd5 10. Bd2 c6 11. Na4 Bd6 12. h3 h6 13. Re1 c5 14. c3 Bd7 15.
Bc2 Bc6 16. Be3 Qa5 17. Bd2 Rad8 18. c4 Qc7 19. cxd5 Nxd5 20. Qc1 Nf4 21. Bxf4
Bxf4 22. Qb1 Rd2 23. Nxc5 Bxg2 24. Kxg2 Qxc5 25. Bh7+ Kh8 26. Rf1 g6 27. Bxg6
fxg6 28. Qxg6 Rg8 29. Qxg8+ Kxg8 30. Rac1 Qd5+ 31. Kg1 Rd3 32. Rc8+ Kh7 33. Rc3
Rxc3 34. bxc3 Qf3 35. c4 Qxh3 36. Rd1 Bh2+ 37. Kh1 Bg3+ 38. Kg1 Qh2+ 39. Kf1
Qxf2# 0-1

[Event "Malaysian Open"]
[Site "Kuala Lumpur MAS"]
[Date "2011.08.25"]
[Round "9.41"]
[White "Yong, Han Shawn"]
[Black "Kumar, Sri Shiva"]
[Result "1-0"]
[WhiteElo "1824"]
[BlackElo "1705"]
[WhiteFideId "5802377"]
[BlackFideId "5703808"]
[EventDate "2011.08.18"]

1. Nf3 d5 2. d4 Nf6 3. c4 g6 4. Nc3 Bg7 5. Bg5 c6 6. e3 Bg4 7. Qb3 Qb6 8. Qxb6
axb6 9. Bxf6 Bxf6 10. cxd5 Nd7 11. Nd2 Nb8 12. g3 Bd7 13. Nc4 b5 14. Nb6 Ra7 15.
Nxd7 Nxd7 16. dxc6 bxc6 17. Ne4 Bg7 18. Kd2 Nf6 19. Nxf6+ Bxf6 20. Bd3 e6 21.
Rhc1 Kd7 22. Be4 Rc8 23. f4 c5 24. Rxc5 Rxc5 25. dxc5 Bxb2 26. Rd1 Kc7 27. Kc2
Rxa2 28. Kb3 Ra1 29. Rd6 Ba3 30. Rc6+ Kd7 31. Ra6 b4 32. c6+ Kd6 33. Ra7 f5 34.
Rd7+ Kc5 35. c7 1-0

[Event "Malaysian Open"]
[Site "Kuala Lumpur MAS"]
[Date "2011.08.25"]
[Round "9.42"]
[White "Loh, Zachary"]
[Black "Subramaniam, Sumant"]
[Result "1/2-1/2"]
[WhiteElo "1769"]
[BlackElo "2117"]
[WhiteFideId "3210383"]
[BlackFideId "5702720"]
[EventDate "2011.08.18"]

1. d4 Nf6 2. c4 g6 3. Nc3 d5 4. Bf4 Bg7 5. e3 Be6 6. Qb3 Bc8 7. cxd5 O-O 8. Nf3
a6 9. Bd3 b6 10. e4 e6 11. dxe6 Bxe6 12. Qd1 Bg4 13. Be2 b5 14. h3 Bc8 15. e5
Ne8 16. O-O Bb7 17. a3 Nc6 18. Rc1 f6 19. e6 Ne7 20. Qb3 Bd5 21. Nxd5 Qxd5 22.
Qxd5 Nxd5 23. Bg3 Bh6 24. Rc5 Nf4 25. Bxf4 Bxf4 26. d5 Ng7 27. g3 Bd6 28. Rc6
Nf5 29. Rd1 Rfb8 30. Nd4 Nxd4 31. Rxd4 a5 32. Rd1 a4 33. Rd4 Ra7 34. Kg2 Rab7
35. Ra6 b4 36. Rxa4 bxa3 37. bxa3 Rb2 38. Bf1 Ra2 39. Re4 Kf8 40. Re2 Ra1 41. f4
Rbb1 42. Ra8+ Ke7 43. Rh8 Rxf1 44. Rxh7+ Ke8 45. Rh8+ Ke7 1/2-1/2

[Event "Malaysian Open"]
[Site "Kuala Lumpur MAS"]
[Date "2011.08.25"]
[Round "9.43"]
[White "Lee, T H Bryan"]
[Black "Limono, Handjojo"]
[Result "1-0"]
[WhiteElo "1988"]
[BlackElo "1916"]
[WhiteFideId "6000584"]
[BlackFideId "7102909"]
[EventDate "2011.08.18"]

1. e4 e6 2. d3 d5 3. Nd2 Nf6 4. Ngf3 Nc6 5. g3 dxe4 6. dxe4 e5 7. Bg2 Bc5 8. O-O
O-O 9. Qe2 Qe7 10. c3 a5 11. a4 b6 12. Nc4 Ba6 13. Bg5 h6 14. Bxf6 Qxf6 15. b3
Rad8 16. Rfd1 Qe6 17. Rd5 Bd6 18. Rad1 f6 19. Bf1 Ne7 20. R5d2 Kh7 21. Qe1 Qg4
22. Qe2 Bxc4 23. Qxc4 Ng6 24. h3 Qc8 25. Kh2 Bc5 26. Kg2 Rxd2 27. Rxd2 f5 28.
Bd3 f4 29. b4 axb4 30. cxb4 Bd6 31. a5 fxg3 32. fxg3 bxa5 33. bxa5 Qb8 34. a6
Qa7 35. Re2 Rb8 36. Qe6 Rf8 37. h4 Qc5 38. h5 Ne7 39. Qa2 Nc6 40. Qd5 Qb6 41.
Bc4 Rb8 42. Qe6 Qc5 43. Qg6+ Kh8 44. Ng5 hxg5 45. h6 1-0

[Event "Malaysian Open"]
[Site "Kuala Lumpur MAS"]
[Date "2011.08.18"]
[Round "1.11"]
[White "Cheah, Cheok Fung"]
[Black "Wan, Yunguo"]
[Result "0-1"]
[WhiteElo "2008"]
[BlackElo "2462"]
[WhiteFideId "5703271"]
[BlackFideId "8603189"]
[EventDate "2011.08.18"]

1. Nf3 Nf6 2. d4 b5 3. Qd3 a6 4. a4 b4 5. e4 e6 6. Bg5 h6 7. Bh4 Be7 8. c4 bxc3
9. Nxc3 Bb7 10. e5 Nd5 11. Nxd5 Bxd5 12. Bxe7 Qxe7 13. Qc3 Nc6 14. Be2 O-O 15.
O-O Rfb8 16. Bc4 Bxc4 17. Qxc4 Qb4 18. Qxb4 Rxb4 19. Rfd1 Ne7 20. Ne1 Nd5 21. g3
Rxb2 22. Nd3 Rc2 23. Rac1 Rxc1 24. Rxc1 Rb8 25. Nc5 a5 26. Nxd7 Rb4 27. Rc5 Rxa4
28. Rb5 g5 29. Kg2 Kg7 30. h3 h5 31. Rc5 Kg6 32. Nb8 Ra2 33. Na6 Ne3+ 34. Kg1
Nd1 35. Nxc7 Nxf2 36. Rc6 Nxh3+ 37. Kf1 Kf5 38. Ne8 Ke4 39. Nd6+ Kxd4 40. Nxf7
Rf2+ 0-1

[Event "Malaysian Open"]
[Site "Kuala Lumpur MAS"]
[Date "2011.08.23"]
[Round "7.15"]
[White "Goswami, Vedant"]
[Black "Iuldachev, Saidali"]
[Result "1/2-1/2"]
[BlackTitle "GM"]
[WhiteElo "2199"]
[BlackElo "2482"]
[WhiteFideId "5003725"]
[BlackFideId "14200104"]
[EventDate "2011.08.18"]

1. e4 e5 2. Nf3 Nc6 3. Bc4 Nf6 4. d3 Bc5 5. c3 d6 6. Bb3 a6 7. O-O Ba7 8. Nbd2
O-O 9. Re1 Ng4 10. Re2 Kh8 11. Nf1 f5 12. h3 Nf6 13. exf5 Bxf5 14. Ng3 Bd7 15.
Be3 Bxe3 16. Rxe3 Na5 17. d4 Nxb3 18. axb3 Nd5 19. Re1 exd4 20. Qxd4 Nf4 21. Re3
Bc6 22. Rae1 Qf6 23. Qxf6 Rxf6 24. Ne4 Rff8 25. Nd4 Bd7 26. c4 Rae8 27. Ng5 Nd3
28. Rxe8 Rxe8 29. Rxe8+ Bxe8 30. Nde6 c5 31. Nd8 b5 32. Nb7 bxc4 33. bxc4 Nxb2
34. Nxd6 Bd7 35. Nge4 a5 36. Nxc5 Bc6 37. Nb3 a4 38. Na1 a3 39. f3 g5 40. Kf2 1/2-1/2

[Event "Malaysian Open"]
[Site "Kuala Lumpur MAS"]
[Date "2011.08.23"]
[Round "7.31"]
[White "Cheng, Bobby"]
[Black "Iskandar, Bin Abdullah"]
[Result "1-0"]
[WhiteTitle "FM"]
[WhiteElo "2323"]
[BlackElo "1956"]
[WhiteFideId "4300033"]
[BlackFideId "5802105"]
[EventDate "2011.08.18"]

1. d4 Nf6 2. c4 d6 3. Nc3 g6 4. e4 Bg7 5. f4 O-O 6. Nf3 Na6 7. Bd3 e5 8. fxe5
dxe5 9. d5 c5 10. O-O Ne8 11. Be3 Nd6 12. a3 f5 13. Rb1 f4 14. Bf2 g5 15. Nd2 g4
16. b4 b6 17. Nb5 cxb4 18. axb4 Nxb5 19. cxb5 Nc7 20. Be2 Qg5 21. Rc1 Ne8 22.
Rxc8 Rxc8 23. Bxg4 Rd8 24. Be6+ Kh8 25. Nf3 Qe7 26. Bh4 Bf6 27. Bxf6+ Qxf6 28.
Qa1 Ng7 29. Bh3 Rde8 30. Qxa7 Re7 31. Qa1 Qd6 32. Qb2 Qg6 33. Qb1 Ne8 34. Bf5
Qd6 35. Rd1 Nc7 36. Qd3 Kg8 37. Bh3 Rg7 38. Qc4 Kh8 39. Ra1 Rd8 40. Kf2 Re7 41.
Nh4 Qf6 42. Nf5 Rf7 43. Qc6 Ne8 44. Rc1 Nd6 45. Kf3 Nxf5 46. Qxf6+ Rxf6 47. Bxf5
Rxf5 48. exf5 Rxd5 49. f6 Kg8 50. Ke4 Rd7 51. Kxe5 Kf7 52. Rc2 Rd8 53. Rc7+ Kg6
54. Rg7+ 1-0

[Event "Malaysian Open"]
[Site "Kuala Lumpur MAS"]
[Date "2011.08.23"]
[Round "7.33"]
[White "Chong, Chor Yuen"]
[Black "Ajeet Singh, Roshan"]
[Result "1/2-1/2"]
[WhiteElo "2071"]
[BlackElo "1864"]
[WhiteFideId "6000320"]
[BlackFideId "5704740"]
[EventDate "2011.08.18"]

1. d4 f5 2. c4 Nf6 3. g3 g6 4. Bg2 Bg7 5. Nc3 O-O 6. Nh3 d6 7. d5 a5 8. O-O Na6
9. Nf4 Qe8 10. Be3 Ng4 11. Bd4 Ne5 12. b3 g5 13. Nh3 h6 14. f4 g4 15. Nf2 Nd7
16. Bxg7 Kxg7 17. e4 Nf6 18. e5 Nh5 19. Qd4 Kg8 20. Rae1 Qf7 21. Re2 Qg7 22. Qe3
Bd7 23. Nd3 b6 24. Rfe1 Nc5 25. Nxc5 bxc5 26. a4 Qg6 27. Qd2 Ng7 28. Nb5 Bxb5
29. cxb5 h5 30. Kh1 Rf7 31. exd6 exd6 32. Re6 Rf6 33. Re7 Rf7 34. R7e3 Rff8 35.
R1e2 Rfe8 36. Qe1 Rxe3 37. Rxe3 Re8 38. Rxe8+ Qxe8 39. Qxe8+ Nxe8 40. Kg1 Kf7
41. Kf2 Nf6 42. Ke3 Nd7 43. Kd3 1/2-1/2

[Event "Malaysian Open"]
[Site "Kuala Lumpur MAS"]
[Date "2011.08.23"]
[Round "7.34"]
[White "Ong, Way Justin"]
[Black "Tan, Li Ting"]
[Result "1-0"]
[WhiteElo "2041"]
[BlackElo "1846"]
[WhiteFideId "5703565"]
[BlackFideId "5704820"]
[EventDate "2011.08.18"]

1. e4 e5 2. Nf3 Nc6 3. Bb5 a6 4. Ba4 Nf6 5. O-O b5 6. Bb3 Be7 7. Re1 O-O 8. c3
d6 9. h3 Na5 10. Bc2 c5 11. d4 Qc7 12. Nbd2 Nc6 13. dxc5 dxc5 14. Nf1 Be6 15.
Ne3 Rfd8 16. Bd2 h6 17. g4 Bf8 18. a4 Rab8 19. axb5 axb5 20. Qe2 g5 21. Nf5 Nh7
22. h4 f6 23. Kg2 Ne7 24. Bb1 Bc4 25. Ba2 Nxf5 26. gxf5 Bf7 27. hxg5 hxg5 28.
Rh1 Bxa2 29. Rxa2 c4 30. Ne1 Bc5 31. Be3 Bxe3 32. Qxe3 Ra8 33. Rxa8 Rxa8 34. Nc2
Ra2 35. Nb4 Ra8 36. Nd5 Qg7 37. Qc5 Rb8 38. Ne7+ Kh8 39. Ng6+ Kg8 40. Qd5+ 1-0

[Event "Malaysian Open"]
[Site "Kuala Lumpur MAS"]
[Date "2011.08.23"]
[Round "7.35"]
[White "Cheah, Cheok Fung"]
[Black "Ravry, Kazoune"]
[Result "1-0"]
[WhiteElo "2008"]
[BlackElo "1784"]
[WhiteFideId "5703271"]
[BlackFideId "667293"]
[EventDate "2011.08.18"]

1. d4 e6 2. Nf3 d5 3. c4 c6 4. e3 Bd6 5. b3 f5 6. Bd3 Nf6 7. O-O Qe7 8. Bb2 O-O
9. Ne5 Bd7 10. Qc2 Na6 11. c5 Bc7 12. Bxa6 bxa6 13. b4 Rfb8 14. a3 a5 15. Bc3
Ne4 16. Nd2 Bxe5 17. dxe5 Nxd2 18. Qxd2 Bc8 19. f3 Qh4 20. e4 Ba6 21. Rfe1 fxe4
22. fxe4 Rf8 23. exd5 cxd5 24. Rab1 Bc4 25. b5 1-0

[Event "Malaysian Open"]
[Site "Kuala Lumpur MAS"]
[Date "2011.08.23"]
[Round "7.37"]
[White "William, Lee Kah Howe"]
[Black "Milligan, Helen"]
[Result "1/2-1/2"]
[BlackTitle "WFM"]
[WhiteElo "1800"]
[BlackElo "1965"]
[WhiteFideId "5702240"]
[BlackFideId "2401312"]
[EventDate "2011.08.18"]

1. e4 e5 2. Nf3 Nc6 3. Bc4 Nf6 4. Ng5 d5 5. exd5 Na5 6. Bb5+ c6 7. dxc6 bxc6 8.
Qf3 h6 9. Ne4 Nd5 10. Ba4 Nb6 11. Bb3 Nxb3 12. axb3 Be7 13. Nbc3 O-O 14. d3 f5
15. Nd2 Qc7 16. Nc4 Nxc4 17. dxc4 e4 18. Qe2 Bd6 19. Bd2 Bd7 20. c5 Be5 21.
O-O-O Rad8 22. Na4 Bc8 23. g3 Rde8 24. Bc3 Bxc3 25. Qc4+ Be6 26. Qxc3 Bd5 27.
Rhe1 f4 28. Qd4 e3 29. fxe3 fxg3 30. hxg3 Qxg3 31. Kb1 Bf3 32. Rg1 Qe5 33. Qc4+
Bd5 34. Qg4 Bf3 35. Qc4+ Bd5 36. Qg4 Bf3 37. Qc4+ 1/2-1/2

[Event "Malaysian Open"]
[Site "Kuala Lumpur MAS"]
[Date "2011.08.23"]
[Round "7.38"]
[White "Yee, Soon Wei"]
[Black "Siew, Kit-Tze Mark"]
[Result "0-1"]
[WhiteTitle "FM"]
[WhiteElo "2281"]
[BlackElo "1972"]
[WhiteFideId "10500553"]
[BlackFideId "5706017"]
[EventDate "2011.08.18"]

1. e4 c5 2. Nf3 e6 3. c4 Nc6 4. Nc3 Nd4 5. Be2 Ne7 6. O-O Nec6 7. d3 Be7 8. Nxd4
cxd4 9. Nb1 O-O 10. Nd2 e5 11. a3 a5 12. b3 Qc7 13. Rb1 b6 14. Nf3 Ba6 15. Ne1
b5 16. f4 f6 17. f5 bxc4 18. dxc4 Nd8 19. Bh5 Bb7 20. Qg4 Nf7 21. Rf3 Ng5 22.
Rg3 Qc6 23. Bxg5 fxg5 24. Nf3 Qxe4 25. Re1 Qxg4 26. Bxg4 Bd6 27. Nxg5 Bxa3 28.
Rh3 h6 29. Ne4 Bb4 30. Re2 d5 31. Nd2 Bxd2 32. Rxd2 dxc4 33. bxc4 a4 34. Rb2 Be4
35. Ra2 Bxf5 36. Bxf5 Rxf5 37. Rha3 e4 38. Rxa4 Rxa4 39. Rxa4 e3 40. g4 Rf4 0-1

[Event "Malaysian Open"]
[Site "Kuala Lumpur MAS"]
[Date "2011.08.23"]
[Round "7.39"]
[White "Cai, Jiaying"]
[Black "Qiu, Mengjie"]
[Result "1/2-1/2"]
[WhiteElo "2094"]
[BlackElo "1941"]
[WhiteFideId "8604312"]
[BlackFideId "8606137"]
[EventDate "2011.08.18"]

1. e4 e5 2. Nf3 Nc6 3. Bc4 Nf6 4. Ng5 d5 5. exd5 Nd4 6. d6 Qxd6 7. Bxf7+ Ke7 8.
c3 h6 9. cxd4 hxg5 10. Bb3 e4 11. d3 Rxh2 12. Rxh2 Qxh2 13. Qe2 Qxg2 14. Nc3 Bg4
15. Qf1 Qxf1+ 16. Kxf1 exd3 17. Bxg5 Kd7 18. Bc4 Bd6 19. Bxd3 Rh8 20. Rc1 Rh5
21. Be3 Rh1+ 22. Kg2 Rh2+ 23. Kf1 1/2-1/2

[Event "Malaysian Open"]
[Site "Kuala Lumpur MAS"]
[Date "2011.08.23"]
[Round "7.40"]
[White "Karunanayake, Mayuri"]
[Black "Gibbons, Robert"]
[Result "1-0"]
[WhiteElo "1667"]
[BlackElo "2034"]
[WhiteFideId "9900390"]
[BlackFideId "4300700"]
[EventDate "2011.08.18"]

1. e4 e5 2. Nf3 Nc6 3. Nc3 Bc5 4. Nxe5 Bxf2+ 5. Kxf2 Nxe5 6. d4 Qf6+ 7. Kg1 Ng6
8. Bc4 N8e7 9. Be3 O-O 10. Qd2 Qb6 11. Bb3 d6 12. h4 c5 13. h5 Nh8 14. h6 Re8
15. hxg7 Nhg6 16. Bf2 h5 17. Rxh5 Bg4 18. Rh1 c4 19. Qh6 f5 20. Bxc4+ d5 21.
Nxd5 Nxd5 22. Bxd5+ Re6 23. Qh7+ Kf7 24. g8=Q+ 1-0

[Event "Malaysian Open"]
[Site "Kuala Lumpur MAS"]
[Date "2011.08.23"]
[Round "7.41"]
[White "Bennett, Hilton"]
[Black "Klein, Gernot"]
[Result "1-0"]
[WhiteElo "1994"]
[BlackElo "1919"]
[WhiteFideId "4300734"]
[BlackFideId "4695496"]
[EventDate "2011.08.18"]

1. e4 c5 2. Nc3 e6 3. f4 d5 4. Nf3 dxe4 5. Nxe4 Nc6 6. g3 Be7 7. Bg2 Nf6 8. Nf2
Qc7 9. O-O b6 10. b3 Bb7 11. Bb2 O-O 12. Qe2 Rad8 13. d3 Nd4 14. Nxd4 Bxg2 15.
Kxg2 cxd4 16. Ne4 Rfe8 17. Nxf6+ Bxf6 18. Rf2 e5 19. fxe5 Qc6+ 20. Qf3 Qxf3+ 21.
Kxf3 Rxe5 22. Re2 Rxe2 23. Kxe2 Rc8 24. Kf3 Rxc2 25. Rc1 Rxc1 26. Bxc1 Kf8 27.
Ke4 Ke7 28. Bb2 Bg5 29. Bxd4 g6 30. Kd5 Kd7 31. Be5 Be3 32. Bd4 Bd2 33. Kc4 Kc6
34. Be5 b5+ 35. Kd4 f5 36. Bf4 Be1 37. Ke5 a5 38. d4 Bc3 39. Be3 Kd7 40. Kd5 Bb4
41. Ke5 Bc3 42. Kf6 a4 43. bxa4 bxa4 44. Kg7 Ke6 45. h4 Kd5 46. Kxh7 Ke4 47. Bg1
f4 48. gxf4 Be1 49. Kxg6 Bxh4 50. f5 Kd5 51. f6 Ke6 52. f7 Be7 53. Kg7 Bf6+ 54.
Kg8 Be7 55. f8=Q Bxf8 56. Kxf8 Kf6 57. Bh2 Ke6 58. Be5 Kd5 59. Ke7 a3 60. Kd7
Kc4 61. Kc6 Kc3 62. d5+ Kc2 63. d6 Kb1 64. d7 Kxa2 65. d8=Q Kb1 66. Qd1+ Ka2 67.
Qc2# 1-0

[Event "Malaysian Open"]
[Site "Kuala Lumpur MAS"]
[Date "2011.08.23"]
[Round "7.42"]
[White "Ismail, Ahmad"]
[Black "Loh, Zachary"]
[Result "1-0"]
[WhiteElo "1989"]
[BlackElo "1769"]
[WhiteFideId "5700655"]
[BlackFideId "3210383"]
[EventDate "2011.08.18"]

1. d4 e6 2. Bf4 f5 3. Nf3 Nf6 4. e3 Be7 5. Bd3 b6 6. O-O O-O 7. h3 Bb7 8. c4 Ne4
9. Nc3 d6 10. a4 Nxc3 11. bxc3 a5 12. Qc2 Nd7 13. Bh2 Qe8 14. e4 Qh5 15. Rae1
Rae8 16. Nd2 f4 17. f3 e5 18. c5 dxc5 19. Bb5 c6 20. Bc4+ Kh8 21. d5 Bd6 22. Rb1
Rf6 23. dxc6 Bxc6 24. Bd5 Bc7 25. Qb3 Ref8 26. Bxc6 Rxc6 27. Qb5 Nb8 28. Nc4 Rg6
29. Kh1 Qg5 30. Rb2 Rd8 31. Rd2 h5 32. Rff2 Qh4 33. Rxd8+ Qxd8 34. Rd2 Qe7 35.
Bg1 Kh7 36. Bf2 Qg5 37. Be1 Qe7 38. Rd5 Qg5 39. Qb2 Qe7 40. Qd2 Qe8 41. Bh4 Re6
42. Bd8 Na6 43. Bxc7 Nxc7 44. Rd7 Na6 45. Qd5 Nb8 46. Rd8 Qg6 47. Rxb8 Qg3 48.
Qd2 Qg6 49. Rd8 Qg5 50. Rd5 Qf6 51. Nd6 Qg6 52. Nf5 Qf6 53. Rd7 1-0

[Event "Malaysian Open"]
[Site "Kuala Lumpur MAS"]
[Date "2011.08.23"]
[Round "7.44"]
[White "Goundar, Sanmogam"]
[Black "Zelesco, Karl"]
[Result "0-1"]
[WhiteTitle "CM"]
[WhiteElo "1934"]
[BlackElo "2013"]
[WhiteFideId "11400110"]
[BlackFideId "3213390"]
[EventDate "2011.08.18"]

1. e4 e5 2. Nf3 Nc6 3. Bb5 a6 4. Bxc6 dxc6 5. O-O f6 6. d4 Bg4 7. dxe5 Qxd1 8.
Rxd1 fxe5 9. Rd3 Bd6 10. h3 Bh5 11. Nbd2 b5 12. b3 Nf6 13. Bb2 Nd7 14. g4 Bf7
15. Kg2 O-O 16. Nf1 h6 17. Ng3 g6 18. Rad1 Rfe8 19. R3d2 Nb6 20. Ne2 a5 21. Nc1
c5 22. Nd3 Nd7 23. a4 bxa4 24. bxa4 c4 25. Nc1 Nc5 26. Na2 Nxa4 27. Ba1 Nc5 28.
Nc3 Rab8 29. Ng1 Rb4 30. f3 a4 31. Nge2 a3 32. Nd5 Bxd5 33. Rxd5 Kf7 34. h4 a2
35. Nc3 Ra8 36. R5d2 Ne6 37. Kg3 Nd4 38. h5 gxh5 39. gxh5 Nb5 40. Rf1 Nxc3 41.
Bxc3 Rb1 42. Rdd1 Rab8 43. Kg2 Rxd1 44. Rxd1 Rb1 45. Rf1 Bb4 46. Ba1 c3 47. Kf2
Bc5+ 48. Ke2 Bd4 0-1

[Event "Malaysian Open"]
[Site "Kuala Lumpur MAS"]
[Date "2011.08.23"]
[Round "7.47"]
[White "Kumar, Sri Shiva"]
[Black "Tan, Fischer"]
[Result "1-0"]
[WhiteElo "1705"]
[BlackElo "1560"]
[WhiteFideId "5703808"]
[BlackFideId "5803187"]
[EventDate "2011.08.18"]

1. d4 e6 2. c4 c6 3. Nc3 Ne7 4. Nf3 d6 5. e4 Nd7 6. Be2 a6 7. Bg5 Qc7 8. O-O Ng6
9. Qc2 f6 10. Be3 e5 11. d5 c5 12. Nd2 Nf4 13. Bxf4 exf4 14. Bh5+ g6 15. Be2 Ne5
16. Nf3 g5 17. Nxe5 fxe5 18. Bh5+ Ke7 19. Qe2 Bd7 20. Bg4 Be8 21. Be6 h5 22. g3
Kf6 23. gxf4 gxf4 24. Kh1 b5 25. Qf3 bxc4 26. Qh3 Bg6 27. Rg1 Rh6 28. Rg2 h4 29.
Bd7 Ra7 30. Qe6+ Kg7 31. Be8 Kh8 32. Rxg6 Qh7 33. Rag1 Rxg6 34. Qxg6 Rg7 35.
Qxh7+ Kxh7 36. Rxg7+ Kxg7 37. Kg2 Kf6 38. Na4 Kg5 39. Bd7 Be7 40. Nb6 Bd8 41.
Nxc4 Bc7 42. f3 Kh5 43. h3 Kg5 44. Kf2 Kf6 45. Ke2 Ke7 46. Bc6 Kd8 47. Bb7 a5
48. a4 Ke7 49. Nd2 Kd7 50. Kd3 Bd8 51. Kc4 Kc7 52. Bc6 Kb6 53. Nf1 Kc7 54. Kb5
Kb8 55. Nd2 Ka7 56. Nc4 Bc7 57. Nxa5 Bb8 58. Nc4 Bc7 59. a5 Bb8 60. Bd7 Kb7 61.
a6+ Kc7 62. Be6 Ba7 63. Na5 Bb6 64. Nc4 Ba7 65. Nd2 Bb6 66. b3 Ba7 67. Nf1 Bb6
68. Nh2 Ba7 69. Ng4 Bb6 70. Nh6 Ba7 71. Nf5 Bb8 72. Nxh4 1-0

[Event "Malaysian Open"]
[Site "Kuala Lumpur MAS"]
[Date "2011.08.23"]
[Round "8.9"]
[White "Sanchez, Joseph"]
[Black "Vakhidov, Jahongir"]
[Result "1-0"]
[WhiteTitle "GM"]
[WhiteElo "2534"]
[BlackElo "2392"]
[WhiteFideId "5201233"]
[BlackFideId "14201801"]
[EventDate "2011.08.18"]

1. e4 c5 2. Nf3 Nc6 3. d4 cxd4 4. Nxd4 g6 5. Nc3 Bg7 6. Be3 Nf6 7. Bc4 O-O 8.
Bb3 d6 9. h3 Bd7 10. O-O Na5 11. Re1 Rc8 12. Qd3 a6 13. Bg5 Nxb3 14. axb3 Rc5
15. f4 Nh5 16. f5 Be5 17. Nd5 Re8 18. c3 Ng7 19. b4 Rc8 20. Rad1 Bc6 21. Nf3
Bxd5 22. Qxd5 Bg3 23. Re2 Qb6+ 24. Be3 Qc6 25. Qxc6 Rxc6 26. Nd4 Rc4 27. Bh6 Nh5
28. Nf3 f6 29. Nd2 Rcc8 30. fxg6 hxg6 31. Be3 Kf7 32. Nb3 Be5 33. Na5 Rc7 34.
Bb6 Rd7 35. Bf2 Rc8 1-0

[Event "Malaysian Open"]
[Site "Kuala Lumpur MAS"]
[Date "2011.08.23"]
[Round "8.11"]
[White "Morris, James"]
[Black "Gao, Rui"]
[Result "1/2-1/2"]
[WhiteTitle "IM"]
[BlackTitle "IM"]
[WhiteElo "2300"]
[BlackElo "2420"]
[WhiteFideId "3205800"]
[BlackFideId "8602387"]
[EventDate "2011.08.18"]

1. c4 Nf6 2. Nc3 d5 3. cxd5 Nxd5 4. Nf3 g6 5. e4 Nxc3 6. dxc3 Qxd1+ 7. Kxd1 f6
8. Be3 e5 9. Nd2 Be6 10. Bc4 Kf7 11. Kc2 Nd7 12. Rad1 Nb6 13. Bxe6+ Kxe6 14. f4
Bd6 15. g3 Rae8 16. Rhf1 exf4 17. gxf4 Kd7 18. Bd4 Rhf8 19. h4 Kc8 20. Bxb6 axb6
21. Kd3 b5 22. Ke3 h6 23. Nb3 g5 24. fxg5 fxg5 25. hxg5 hxg5 26. Rxf8 Rxf8 27.
Rd5 Bf4+ 28. Ke2 c6 29. Rd1 Rh8 30. Rf1 Bg3 31. Kf3 Be5 32. Kg4 Bf4 33. Rf2 Be3
34. Rf7 Rh4+ 35. Kf3 Rh3+ 36. Kg4 Rh4+ 37. Kf3 Rh3+ 38. Kg4 1/2-1/2